| 000 | 00638cam a22002293a 4500 | ||
|---|---|---|---|
| 001 | 14025 | ||
| 003 | PGUSA | ||
| 005 | 20140828083312.0 | ||
| 008 | 041111s2004||||xxu|||||s|||||000 1 eng d | ||
| 040 |
_aPGUSA _beng |
||
| 042 | _adc | ||
| 050 | 4 | _aPR | |
| 100 | 1 |
_aRoss, Martin, _d1862-1915 |
|
| 245 | 1 | 0 |
_aMount Music _h[electronic resource] / _cMartin Ross |
| 260 |
_bProject Gutenberg, _c2004 |
||
| 506 | _aPublic domain in the USA. | ||
| 516 | _aElectronic text | ||
| 653 | _aIreland -- Social life and customs -- Fiction | ||
| 830 | 0 |
_aProject Gutenberg _v14025 |
|
| 856 | 4 | 0 | _uhttp://www.gutenberg.org/ebooks/14025 |
| 942 | _cEB | ||
| 999 |
_c243280 _d243280 |
||